000 00605nam a2200253Ia 4500
005 20260121160938.0
008 008 260114s9999 xx 000 0 eng d
020 _a9781315564517
037 _aEBOOK
040 _aCRL
040 _beng
040 _cCRL
041 _2eng
041 _aeng
084 _qCRL
100 _a Alain Touwaide
_91038283
245 2 _aA Census of Greek Medical Manuscripts
260 _bTaylor and Francis
260 _c2016
856 _uhttp://www.taylorfrancis.com/books/9781315564517
942 _cEBOOK
999 _c1605099
_d1605099